Sports Quiz

Random Sports Quiz

MLB Most Games Caught For Each Active Pitcher Quiz Stats

 Plays Quiz not verified by Sporcle

Challenge
Share
Tweet
Embed
Score 0/76 Timer 08:00
0 Plays Today
Pitcher Catcher % Correct
Kyle LosheYadier Molina and AJ Pierzynski
96.5%
Chris CarpenterYadier Molina
96%
Adam WainwrightYadier Molina
96%
Jason MarquisYadier Molina
96%
John LackeyBengie Molina
95.9%
Matt CainBengie Molina
95.9%
Tim LincecumBengie Molina
95.9%
Derek LoweJason Varitek
93.3%
Josh BeckettJason Varitek
93.3%
Jon LesterJason Varitek
93.3%
Chien Ming WangJorge Posada
92.3%
Jon DanksAJ Pierzynski
88.4%
Gavin FloydAJ Pierzynski
88.4%
Mark BuehrleAJ Pierzynski
88.4%
Jon GarlandAJ Pierzynski
88.4%
Brad PennyRussell Martin
86%
Chad BillingsleyRussell Martin
86%
Fausto CarmonaVictor Martinez
82.3%
CC SabathiaVictor Martinez
82.3%
Cliff LeeVictor Martinez
82.3%
Jake WestbrookVictor Martinez
82.3%
Scott BakerJoe Mauer
80.7%
Johan SantanaJoe Mauer
80.7%
Justin VerlanderIvan Rodriguez
79.2%
Dan HarenJason Kendall
73.7%
Oliver PerezJason Kendall
73.7%
Rich HardenJason Kendall
73.7%
Joe BlantonJason Kendall
73.7%
Ryan DempsterGeovany Soto
72.7%
Ted LillyGeovany Soto
72.7%
Cole HamelsCarlos Ruiz
72.1%
Kyle DaviesBrian McCann
66.8%
Roy OswaltBrad Ausmus
66.2%
Tim HudsonRamon Hernandez
64%
Jeremy GuthrieRamon Hernandez
64%
Bruce ChenRamon Hernandez
64%
Barry ZitoRamon Hernandez
64%
Erik BedardRamon Hernandez
64%
Pitcher Catcher % Correct
Joe SaundersMike Napoli
62.6%
Matt GarzaDioner Navarro
57.2%
Edwin JacksonDioner Navarro
57.2%
Scott KazmirDioner Navarro
57.2%
James ShieldsDioner Navarro
57.2%
Zack GreinkeJohn Buck
53%
Carlos SilvaMike Lieberthal
49.1%
Brett MyersMike Lieberthal
49.1%
Vicente PadillaMike Lieberthal
49.1%
Randy WolfMike Lieberthal
49.1%
Zach DukeRyan Doumit
45.7%
Paul MaholmRyan Doumit
45.7%
Carlos ZambranoMichael Barrett
42%
Javier VazquezMichael Barrett
42%
Tim WakefieldDoug Mirabelli
40.2%
Jorge De La RosaYorvit Torrealba
39.6%
Jeff FrancisYorvit Torrealba
39.6%
Joel PinieroDan Wilson
38.6%
Roy HalladayGregg Zaun
36.9%
Ervin SantanaJeff Mathis
36.4%
Jered WeaverJeff Mathis
36.4%
Aaron CookChris Iannetta
35.9%
Ubaldo JimenezChris Iannetta
35.9%
Mike PelfreyBrian Schneider
33.8%
Felix HernandezKenji Johjima
33.8%
Livan HernandezBrian Schneider
33.8%
Brandon WebbChris Snyder
30.8%
Kevin CorreiaNick Hundley
29.2%
Aaron HarangJason LaRue
27%
Ricky NolascoJohn Baker
20.9%
Josh JohnsonRonny Paulino
19.6%
Bronson ArroyoDavid Ross
19.1%
Jake PeavyJosh Bard
16.8%
Chris YoungJosh Bard
16.8%
AJ BurnettMike Redmond
16%
Scott OlsenMatt Treanor
12.8%
Wandy RodriguezHumberto Quintero
12.2%
Carl PavanoChris Widger
2.3%

You're not logged in!

Compare scores with friends on all Sporcle quizzes.
OR
Log In

You Might Also Like...

Show Comments

Extras

Top Quizzes Today


Score Distribution

Your Account Isn't Verified!

In order to create a playlist on Sporcle, you need to verify the email address you used during registration. Go to your Sporcle Settings to finish the process.

Report this User

Report this user for behavior that violates our Community Guidelines.

Details: